| 000 | 00944nam a2200337 a 4500 | ||
|---|---|---|---|
| 003 | AR-BaBNM | ||
| 005 | 20251128204802.0 | ||
| 008 | 082120s2002 ||||||||||||||000 | spa|| | ||
| 020 | _a968-16-2873-X | ||
| 040 | _cAR-BaBNM | ||
| 100 | 1 | _aJakobson, Roman | |
| 245 | 0 | 0 | _aEl marco del lenguaje |
| 250 | _a1ª ed. | ||
| 260 |
_aMéxico, D.F. _bFondo de Cultura Económica _c1988 |
||
| 300 | _a128 p. | ||
| 490 | 0 | _aObras de lengua y estudios literarios | |
| 504 | _aContiene bibliografía al finalizar cada capítulo | ||
| 600 | 1 | 4 | _aPeirce, Charles Sanders |
| 650 | 4 | _aESTUDIOS CULTURALES | |
| 650 | 4 | _aSEMIOLOGIA | |
| 650 | 4 | _aSEMANTICA | |
| 650 | 4 | _aANALISIS LINGÜISTICO | |
| 650 | 4 | _aDESARROLLO DEL LENGUAJE | |
| 650 | 4 | _aGRAMATICA | |
| 650 | 4 | _aINVESTIGACION LINGÜISTICA | |
| 650 | 4 | _aPSICOLINGÜISTICA | |
| 650 | 4 | _aTEORIA LINGÜISTICA | |
| 700 | 1 |
_aSegovia, Tomás _etraductor |
|
| 942 | _cBK | ||
| 998 | _cisola | ||
| 999 |
_c8815 _d8815 |
||